000 00321nam a22001337a 4500
008 250411b |||||||| |||| 00| 0 eng d
020 _a9789785092103
050 _aJF 1001
_b.U56
100 _aUjo A. Abdulhameed
245 _aElection in Nigeria
260 _aNigeria
_bI.I.S.E.E.M
_c2012
300 _a618p.
942 _cBK
999 _c2954
_d2954